LIBRARY & INFORMATION CENTRE, KCAET, TAVANUR

ONLINE PUBLIC ACCESS CATALOGUE (OPAC)

Pipe Drafting and Design : Instructor`s guide / (Record no. 239)

MARC details
000 -LEADER
fixed length control field 00514cam a2200205ua 4500
041 ## - LANGUAGE CODE
Language code of text/sound track or separate title eng
082 ## - DEWEY DECIMAL CLASSIFICATION NUMBER
Classification number 621.8672
Item number PAR/PI
100 ## - MAIN ENTRY--AUTHOR NAME
Personal name Prisher, Roy A .
245 ## - TITLE STATEMENT
Title Pipe Drafting and Design : Instructor`s guide /
250 ## - EDITION STATEMENT
Edition statement 1 /
260 ## - PUBLICATION, DISTRIBUTION, ETC. (IMPRINT)
Place of publication Houston :
Name of publisher Gulf publishing Company ,
Year of publication 1996.
300 ## - PHYSICAL DESCRIPTION
Number of Pages 47 ; .
500 ## - GENERAL NOTE
General note 20354 Reference
700 1# - ADDED ENTRY--PERSONAL NAME
Personal name Rhea, Robert A .
942 ## - ADDED ENTRY ELEMENTS (KOHA)
Koha item type Books
Holdings
Withdrawn status Lost status Damaged status Home library Current library Date acquired Full call number Accession Number Koha item type
      KAUAET KAUAET 07/04/2012 621.8672 20354 Reference
free website counter